| 000 | 00353cam a2200133ua 4500 | ||
|---|---|---|---|
| 999 |
_c16100 _d16100 |
||
| 003 | OSt | ||
| 008 | 191106b ||||| |||| 00| 0 eng d | ||
| 082 |
_a320.58 _bGAN/IN |
||
| 100 |
_aGandhi, M.K . _94546 |
||
| 245 | _aIn Search of the Supreme, vol 3 / | ||
| 260 |
_aAhmadabad : _bNavajivan publishing house , _c1961. |
||
| 300 | _a344 ; . | ||
| 942 | _cBK | ||